Normal view
MARC view
Entry Término temático
001 - NÚMERO DE CONTROL
- campo de control: 22172
003 - IDENTIFICADOR DEL NÚMERO DE CONTROL
- campo de control: FranzMayer
005 - FECHA Y HORA DE LA ÚLTIMA TRANSACCIÓN
- campo de control: 20190320210446.0
008 - DATOS DE LONGITUD FIJA
- campo de control de longitud fija: 190320|| aca||aabn | a|a d
040 ## - FUENTE DE LA CATALOGACIÓN
- Centro catalogador/agencia de origen: FranzMayer
- Centro/agencia transcriptor: FranzMayer
150 ## - ENCABEZAMIENTO--TÉRMINO DE MATERIA
- Término de materia o nombre geográfico como elemento de entrada: Derecho procesal
- Subdivisión cronológica: Obras anteriores a 1800
- Subdivisión geográfica: España
670 ## - FUENTE DE DATOS ENCONTRADOS
- Cita de la fuente: Work cat.: (FranzMayer): Elizondo, Francisco Antonio 22171, Practica universal forense de los tribunales de esta corte, reales chancillerías de Valladolid, y Granada, y audiencia de Sevilla, su origen, jurisprudencia, y negocios de que conoce cada uno, con inhibición de los demás, con la fórmula de quantos Libelos abrazan todos los juicios, assi seculares, como eclesiásticos, seguidos en los tribunales inferiores, y superiores, con la diversidad de estilos, que padecen en el libelar, y exposición compendiosa de la materia, que abraza cada recurso, 1764